<?xml version="1.0" encoding="UTF-8"?>
<marc:record xmlns:marc="http://www.loc.gov/MARC21/slim">
   <marc:leader>00000nam a2200000 a 4500</marc:leader>
   <marc:datafield ind1=" " ind2=" " tag="653">
      <marc:subfield code="a">Essay-Sammlung</marc:subfield>
   </marc:datafield>
   <marc:datafield ind1="0" ind2="0" tag="245">
      <marc:subfield code="a">Letters to a Writer of Colour</marc:subfield>
   </marc:datafield>
   <marc:datafield ind1=" " ind2="1" tag="264">
      <marc:subfield code="a">London</marc:subfield>
      <marc:subfield code="b">Vintage</marc:subfield>
      <marc:subfield code="c">2023</marc:subfield>
   </marc:datafield>
   <marc:datafield ind1="1" ind2=" " tag="520">
      <marc:subfield code="a">What if we reconsidered our assumptions about how fiction should be written? And can we then apply our discoveries to both what we read and how we read? This book explores these questions and encourages us into a more inclusive conversation about storytelling, featuring:&#xD;
&#xD;
- Taymour Soomro on resisting rigid stories about who you are&#xD;
- Madeleine Thien on how writing builds the room in which it can exist&#xD;
- Amitava Kumar on why authenticity isn't a license we carry in our wallets&#xD;
- Tahmima Anam on giving herself permission to be funny&#xD;
- Ingrid Rojas Contreras on the bodily challenge of writing about trauma&#xD;
- Zeyn Joukhadar on queering English and the power of refusing to translate ourselves&#xD;
- Kiese Laymon on hearing that no one wants to read the story that you want to write&#xD;
- Deepa Anappara on writing even through conditions that impede the creation of art&#xD;
&#xD;
Plus essays from Tiphanie Yanique, Xiaolu Guo, Jamil Jan Kochai, Vida Cruz-Borja, Femi Kayode, Nadifa Mohamed in conversation with Leila Aboulela, Myriam Gurba, Mohammed Hanif and Sharlene Teo.</marc:subfield>
   </marc:datafield>
   <marc:datafield ind1=" " ind2=" " tag="020">
      <marc:subfield code="a">9781529115840</marc:subfield>
      <marc:subfield code="9">9781529115840</marc:subfield>
   </marc:datafield>
   <marc:datafield ind1=" " ind2=" " tag="041">
      <marc:subfield code="a">eng</marc:subfield>
   </marc:datafield>
   <marc:datafield ind1=" " ind2=" " tag="338">
      <marc:subfield code="a">Band</marc:subfield>
   </marc:datafield>
   <marc:datafield ind1=" " ind2=" " tag="300">
      <marc:subfield code="a">263 Seiten</marc:subfield>
   </marc:datafield>
</marc:record>
